HEISMAN TROPHY WINNERS - Statistics

General Stats
  • This quiz has been taken 54 times
    12 since last reset
  • The average score is 12 of 26
Answer Stats
Hint Answer % Correct
2015 Derrick Henry
100%
2017 Baker Mayfield
89%
2021 Bryce Young
89%
2020 DeVonta Smith
89%
2022 Caleb Williams
78%
2012 Johnny Manziel
78%
2018 Kyler Murray
78%
2016 Lamar Jackson
78%
2013 Jameis Winston
67%
2023 Jayden Daniels
67%
2019 Joe Burrow
67%
2014 Marcus Mariota
67%
2007 Tim Tebow
67%
2010 Cam Newton
56%
2006 Troy Smith
56%
2009 Mark Ingram
22%
2011 Robert Griffin III
22%
2008 Sam Bradford
22%
2004 Matt Leinart
11%
2002 Carson Palmer
0%
2000 Chris Weinke
0%
2001 Eric Crouch
0%
2025 Fernando Mendoza
0%
2003 Jason White
0%
2005 Reggie Bush
0%
2024 Travis Hunter
0%
No matching quizzes found
Score Distribution
Percent of People with Each Score
Percentile by Number Answered
Your Score History
You have not taken this quiz since the last reset